Indywidualni mistrowie Szwecji na żużlu od 2000 roku - Statystyki

Ogólne statystyki
  • Ten quiz został rozwiązany 26 razy
  • Średni wynik to 13 z 26
Statystyki odpowiedzi
Hint Odpowiedź % Poprawnych
2018 Fredrik Lindgren
100%
2021 Fredrik Lindgren
100%
2023 Fredrik Lindgren
100%
2024 Fredrik Lindgren
100%
2025 Fredrik Lindgren
100%
2006 Andreas Jonsson
63%
2007 Andreas Jonsson
63%
2009 Andreas Jonsson
63%
2010 Andreas Jonsson
63%
2011 Andreas Jonsson
63%
2013 Andreas Jonsson
63%
2016 Andreas Jonsson
63%
2015 Antonio Lindbäck
63%
2017 Antonio Lindbäck
63%
2004 Tony Rickardson
63%
2005 Tony Rickardson
63%
2000 Henrik Gustafsson
16%
2001 Tony Rickardson
16%
2012 Daniel Nermark
11%
2019 Jacob Thorsell
11%
2020 Jacob Thorsell
11%
2022 Oliver Berntzon
11%
2003 Stefan Dannö
11%
2014 Tomas H. Jonasson
5%
2008 Magnus Zetterstörm
0%
2002 Niklas Klingberg
0%
Nie znaleziono quizów pasujących do podanych kryteriów
Rozkład punktacji
Procent ludzi z każdym wynikiem
Percentyl według liczby udzielonych odpowiedzi
Twoja historia wyników
Nie rozwiązałeś tego quizu